000 01452cam a22003977a 4500
003 CHAP
005 20220817043714.0
008 000914d2000 mx d r 00110 spa d
010 _a82253
011 _a83225
035 _a93736
040 _cCHAP
090 _aTesis
100 0 0 _aGarcía Archundia, Hilario.
_945717
245 1 0 _aRosamorada una propuesta de desarrollo
_c/por Hilario García Archundia
260 _aChapingo, Méx. :
_bEl autor,
_c2000
300 _a141 h. :
_bcuadros ; anexos
502 _aTesis (M.C. en Desarrollo Rural Regional) -- UACH. Dirección de Centros Regionales Universitarios
590 _aALEPH
_b10
_c20130110
_lUCH01
_h1437
590 _aBATCH-UPD
_b10
_c20130110
_lUCH01
_h0012
590 _aBATCH-UPD
_b10
_c20130110
_lUCH01
_h0731
590 _aBATCH-UPD
_b10
_c20130110
_lUCH01
_h2343
590 _aBATCH-UPD
_b10
_c20130410
_lUCH01
_h0414
590 _aBATCH-UPD
_b10
_c20130914
_lUCH01
_h1147
590 _aCONVERSION
_b10
_c20130109
_lUCH01
_h1346
650 1 4 _aDesarrollo de la comunidad rural
_xNayarit.
_932017
650 1 4 _aDesarrollo rural.
_932067
650 1 4 _aDesarrollo sustentable.
650 1 4 _aNayarit
_xCondiciones rurales.
_980623
650 1 4 _zNayarit
_xCondiciones sociales.
_9124377
901 _aBK
905 _aMarco A. Mendoza T.
942 _cFOLL
949 _bBC
_cTES
_d33724000784070
_eTS2
_fc.2
_h36622
_i93736
_kDonaciØn
_si
949 _bBC
_cTES
_d937361
_eTS1
_h36621
_i93736
_kDonaciØn
_sb
999 _c82253
_d82253